[Event "SUSAN-I-r1-g23"]
[Site "http://www.queenalice.com/game.php?id=299435"]
[Date "2007.11.6"]
[Round "-"]
[White "Fromper"]
[Black "occult"]
[Result "1-0"]
[WhiteElo "1769"]
[BlackElo "1520"]

1. d4 Nf6 2. Nc3 d5 3. e4 dxe4 4. f3 exf3 5. Nxf3 Bg4 6. h3 Bxf3 7. Qxf3 c6 8.
Qf2 e6 9. Bd3 Nd5 10. O-O Qd7 11. Ne4 Bb4 12. c3 Ba5 13. Ng5 Nf6 14. g4 Bb6 15.
Nxf7 Qxf7 16. g5 Nbd7 17. gxf6 Nxf6 18. Bg5 Bd8 19. Rae1 O-O 20. Qh4 h6 21. Bxf6
Bxf6 22. Qe4 g5 23. Rxf6 1-0

[Event "AUTO-ADV-704"]
[Site "http://www.queenalice.com/game.php?id=300257"]
[Date "2007.11.8"]
[Round "1"]
[White "Lariza"]
[Black "Fromper"]
[Result "1-0"]
[WhiteElo "1912"]
[BlackElo "1898"]

1. e4 e6 2. d4 d5 3. Nd2 Nf6 4. e5 Nfd7 5. Bd3 c5 6. c3 Nc6 7. Ne2 f6 8. Nf4 Qe7
9. Qh5+ g6 10. Bxg6+ Kd8 11. Bf7 h6 12. Nxe6+ 1-0

[Event "AUTO-ADV-704"]
[Site "http://www.queenalice.com/game.php?id=300258"]
[Date "2007.11.8"]
[Round "1"]
[White "Fromper"]
[Black "Lariza"]
[Result "0-1"]
[WhiteElo "1776"]
[BlackElo "2060"]

1. d4 Nf6 2. Nc3 d5 3. e4 dxe4 4. f3 Bf5 5. fxe4 Nxe4 6. Qf3 Nxc3 7. Qxf5 e6 8.
Qf3 Nd5 9. Bd3 Qh4+ 10. Qf2 Qxf2+ 11. Kxf2 c5 12. Nf3 Nc6 13. c3 cxd4 14. cxd4
Be7 15. Bb5 O-O 16. Bd2 Nxd4 17. Bc4 Bc5 18. Bxd5 Nf5+ 19. Ke2 exd5 20. Bc3
Rfe8+ 21. Kd3 Re3+ 22. Kd2 d4 23. Bxd4 Rd8 24. Rhe1 Bb4+ 25. Kc2 Nxd4+ 26. Nxd4
Rc8+ 0-1

[Event "AUTO-ADV-704"]
[Site "http://www.queenalice.com/game.php?id=300271"]
[Date "2007.11.8"]
[Round "1"]
[White "Guilherme_Ottoni"]
[Black "Fromper"]
[Result "1-0"]
[WhiteElo "1864"]
[BlackElo "1797"]

1. e4 e6 2. d4 d5 3. exd5 exd5 4. c4 Bb4+ 5. Bd2 Bxd2+ 6. Qxd2 Nf6 7. Nc3 O-O 8.
Nf3 Re8+ 9. Ne5 Nc6 10. f4 dxc4 11. Bxc4 Qxd4 12. Bxf7+ Kh8 13. Bxe8 Nxe8 14.
Nxc6 Qxd2+ 15. Kxd2 bxc6 16. Rhe1 Bf5 17. Rad1 Nf6 18. Re7 Ng4 19. h3 Nf6 20.
Rxc7 Ne4+ 21. Nxe4 Bxe4 22. g3 h6 23. Kc1 Bd5 24. b3 Re8 25. Rxa7 Re3 26. Rg1
1-0

[Event "AUTO-ADV-704"]
[Site "http://www.queenalice.com/game.php?id=300272"]
[Date "2007.11.8"]
[Round "1"]
[White "Fromper"]
[Black "Guilherme_Ottoni"]
[Result "0-1"]
[WhiteElo "1777"]
[BlackElo "1820"]

1. d4 Nf6 2. Nc3 d5 3. e4 Nxe4 4. Nxe4 dxe4 5. Bc4 Bf5 6. Qh5 Bg6 7. Qb5+ Nd7 8.
Qxb7 Qc8 9. Qc6 e6 10. Bg5 Be7 11. Bf4 Bd6 12. Bxd6 cxd6 13. Bb5 Qxc6 14. Bxc6
Rc8 15. Ba4 e3 16. c3 exf2+ 17. Kxf2 Ke7 18. Ne2 Nb6 19. Bb3 Nc4 20. Bxc4 Rxc4
21. Nf4 Be4 22. Rhe1 Bb7 23. Re3 Kd7 24. b3 Rc7 25. c4 g6 26. Rc1 Rhc8 27. Rec3
e5 28. Nd3 exd4 29. R3c2 Be4 30. Rd2 d5 31. Nb2 Ke6 32. Rxd4 f5 33. Nd3 dxc4 34.
Nf4+ Ke5 35. Ke3 cxb3 36. Rxc7 Rxc7 37. axb3 Rc3+ 38. Nd3+ Rxd3+ 39. Rxd3 Bxd3
40. Kxd3 f4 41. Ke2 Kd4 42. Kd2 g5 43. h3 h5 44. Ke2 Kc3 45. b4 Kxb4 46. Kd3 a5
47. Kc2 a4 48. Kb2 a3+ 49. Ka2 g4 0-1

[Event "AUTO-ADV-704"]
[Site "http://www.queenalice.com/game.php?id=300279"]
[Date "2007.11.8"]
[Round "1"]
[White "Marciamartins19"]
[Black "Fromper"]
[Result "0-1"]
[WhiteElo "2046"]
[BlackElo "1798"]

1. e4 e6 2. d4 d5 3. Nc3 Nf6 4. e5 Nfd7 5. f4 c5 6. Nf3 Nc6 7. Be3 Qb6 8. Na4
Qa5+ 9. c3 cxd4 10. b4 Qc7 11. Nxd4 Nxd4 12. Bxd4 Nb6 13. Nxb6 axb6 14. Bd3 Bd7
15. O-O Be7 16. Qh5 g6 17. Qh6 Ra3 18. Qg7 Rf8 19. Rfc1 Qd8 20. Rcb1 Qa8 21. Rb2
Bd8 22. Qxh7 Bc7 23. Be2 Ke7 24. Qh4+ Ke8 25. c4 dxc4 26. Bxc4 b5 27. Bb3 Bd8
28. Qf2 Rh8 29. Rd1 g5 0-1

[Event "AUTO-ADV-704"]
[Site "http://www.queenalice.com/game.php?id=300280"]
[Date "2007.11.8"]
[Round "1"]
[White "Fromper"]
[Black "Marciamartins19"]
[Result "1-0"]
[WhiteElo "1771"]
[BlackElo "2046"]

1. d4 Nf6 2. Nc3 d5 3. e4 e6 4. Bg5 dxe4 5. Nxe4 Be7 6. Nxf6+ Bxf6 7. Bxf6 Qxf6
8. Nf3 O-O 9. Bd3 Nd7 10. h4 e5 11. Qe2 exd4 12. O-O-O Qf4+ 13. Kb1 c5 14. h5
Nf6 15. Rh4 Bg4 16. Rdh1 Rfe8 17. Qd1 Re7 18. h6 g5 19. R4h2 Rc8 20. Be2 a6 21.
g3 Qf5 22. Re1 Bxf3 23. Bxf3 Qxf3 24. Qd2 Rxe1+ 25. Qxe1 Re8 26. Qd2 Ne4 27. Qc1
c4 28. Rh1 d3 29. Re1 1-0

[Event "SUSAN-I-r2-g10"]
[Site "http://www.queenalice.com/game.php?id=341016"]
[Date "2008.1.22"]
[Round "-"]
[White "Fromper"]
[Black "FeralPawn"]
[Result "1-0"]
[WhiteElo "1736"]
[BlackElo "1710"]

1. e4 d5 2. d4 c5 3. Nc3 dxe4 4. d5 Nf6 5. f3 e6 6. fxe4 Bd6 7. Nf3 O-O 8. e5
Bc7 9. exf6 Qxf6 10. Bg5 Qg6 11. Bd3 Qh5 12. Bh4 exd5 13. O-O Bg4 14. Bg3 Bxg3
15. hxg3 Nc6 16. Nxd5 Rae8 17. Bb5 Rd8 18. Bxc6 bxc6 19. Ne7+ Kh8 20. Qe2 Rfe8
21. Rad1 Rb8 22. b3 Rb7 23. Nxc6 Bd7 24. Rxd7 f6 25. Qxe8+ Qxe8 26. Rd8 Qxd8 27.
Nxd8 1-0

[Event "SUSAN-I-r2-g25"]
[Site "http://www.queenalice.com/game.php?id=341860"]
[Date "2008.1.24"]
[Round "-"]
[White "Miki"]
[Black "Fromper"]
[Result "0-1"]
[WhiteElo "1328"]
[BlackElo "1771"]

1. e4 e6 2. d4 d5 3. Nc3 Bb4 4. Ne2 dxe4 5. a3 Bxc3+ 6. Nxc3 Nc6 7. Bf4 Nf6 8.
Bc4 O-O 9. O-O Qxd4 10. Qxd4 Nxd4 11. Rad1 c5 12. Bd6 Re8 13. Bxc5 Nc6 14. Rfe1
b6 15. Bd6 Bb7 16. Nxe4 Nxe4 17. Rxe4 Red8 18. Ree1 Rac8 19. Bg3 Nd4 20. Bd3 Bd5
21. b3 Nxc2 22. Bxc2 Rxc2 23. b4 Rdc8 24. Bf4 h6 25. Rd2 Rxd2 26. Bxd2 Rc2 27.
Bf4 Ra2 28. Bc1 Ra1 29. Bd2 Rxa3 30. Rc1 a5 31. bxa5 bxa5 32. Rc5 Ra1+ 33. Rc1
Ra2 34. Rc8+ Kh7 0-1

[Event "Let's Play Chess!"]
[Site "http://www.queenalice.com/game.php?id=363542"]
[Date "2008.3.1"]
[Round "-"]
[White "eliasdiniz"]
[Black "Fromper"]
[Result "1-0"]
[WhiteElo "1908"]
[BlackElo "1841"]

1. f4 e5 2. fxe5 d6 3. exd6 Bxd6 4. Nf3 Nf6 5. g3 Ng4 6. Bg2 h5 7. e3 h4 8. gxh4
Rxh4 9. Qe2 Rxh2 10. Rxh2 Nxh2 11. Nxh2 Qh4+ 12. Kd1 Qxh2 13. c3 Qg1+ 14. Kc2
Nc6 15. d4 Bf5+ 16. e4 Bg6 17. Be3 Qh2 18. Nd2 Qh5 19. Bf3 Qa5 20. Nc4 Qa4+ 21.
b3 Qa6 22. Nxd6+ cxd6 23. Qxa6 bxa6 24. Kb2 Ke7 25. e5 Kd7 26. exd6 Kxd6 27.
Bf4+ Kd7 28. Re1 Rh8 29. d5 Ne7 30. Bg4+ Nf5 31. Re5 Rh4 32. Bxf5+ Bxf5 33. Rxf5
Ke8 34. Bg3 Rh3 35. Re5+ Kd7 36. Bf4 1-0

[Event "Let's Play Chess!"]
[Site "http://www.queenalice.com/game.php?id=363748"]
[Date "2008.3.1"]
[Round "-"]
[White "fop"]
[Black "Fromper"]
[Result "0-1"]
[WhiteElo "1482"]
[BlackElo "1842"]

1. d4 d5 2. Nc3 Nf6 3. f3 c5 4. Be3 c4 5. Bf4 Bf5 6. h3 e6 7. g4 Bg6 8. Be5 Nc6
9. a3 Bd6 10. Nb5 Nxe5 11. Nxd6+ Qxd6 12. dxe5 Qxe5 13. Qd2 Qxb2 14. Qd1 Qxc2
15. e4 Qc3+ 16. Kf2 d4 17. Ne2 Qe3+ 18. Ke1 d3 19. Qa4+ Nd7 20. Qxc4 O-O 21. Bg2
Qxe2# 0-1

[Event "Let's Play Chess!"]
[Site "http://www.queenalice.com/game.php?id=363753"]
[Date "2008.3.1"]
[Round "-"]
[White "Fromper"]
[Black "bugeyewrx"]
[Result "1-0"]
[WhiteElo "1824"]
[BlackElo "1862"]

1. e4 c5 2. d4 e6 3. c3 d5 4. e5 cxd4 5. cxd4 Nc6 6. f4 Nh6 7. Nf3 Nf5 8. Nc3 a6
9. b3 Bb4 10. Bb2 Ne3 11. Qd3 Nxf1 12. Rxf1 b6 13. Rc1 a5 14. Qc2 O-O 15. Ng5 g6
16. Qf2 f6 17. Nf3 fxe5 18. fxe5 Ba6 19. Rh1 b5 20. Qe3 Be7 21. h4 h5 22. Qh6
Kf7 23. Rf1 Ke8 24. Qxg6+ Kd7 25. Nxd5 Bxh4+ 26. Kd2 b4 27. Rxc6 Kxc6 28. Qxe6+
Kb7 29. Rc1 Rc8 30. Rxc8 Qxc8 31. Qb6+ Ka8 32. Nc7+ Qxc7 33. Qxc7 Bd8 34. Qd6
Bg5+ 35. Nxg5 Rf2+ 36. Ke3 Rxg2 37. Qxa6+ 1-0

[Event "Let's Play Chess!"]
[Site "http://www.queenalice.com/game.php?id=373477"]
[Date "2008.3.19"]
[Round "-"]
[White "Fromper"]
[Black "Lightningzap007"]
[Result "0-1"]
[WhiteElo "1849"]
[BlackElo "2044"]

1. e4 c5 2. d4 cxd4 3. c3 g6 4. cxd4 Bg7 5. Nf3 d6 6. Bc4 Nc6 7. O-O Bg4 8.
Bxf7+ Kxf7 9. Ng5+ Ke8 10. Qxg4 Nf6 11. Qd1 Qd7 12. Nc3 h6 0-1

[Event "Let's Play Chess!"]
[Site "http://www.queenalice.com/game.php?id=373478"]
[Date "2008.3.19"]
[Round "-"]
[White "Lightningzap007"]
[Black "Fromper"]
[Result "1-0"]
[WhiteElo "2035"]
[BlackElo "1858"]

1. e4 e5 2. Nf3 Nc6 3. Bb5 a6 4. Ba4 Nf6 5. O-O b5 6. Bb3 Be7 7. Re1 d6 8. a4
Bg4 9. d3 Nd4 10. Nbd2 O-O 11. h3 Nxf3+ 12. Nxf3 Bh5 13. Bg5 h6 14. Bxf6 Bxf6
15. g4 Bg6 16. d4 exd4 17. Nxd4 1-0

[Event "Let's Play Chess!"]
[Site "http://www.queenalice.com/game.php?id=375642"]
[Date "2008.3.23"]
[Round "-"]
[White "Fromper"]
[Black "Augustodombosco"]
[Result "1-0"]
[WhiteElo "1861"]
[BlackElo "1666"]

1. e4 e5 2. Nf3 Nc6 3. Bc4 Bc5 4. c3 d6 5. d4 exd4 6. cxd4 Bb4+ 7. Nc3 Bg4 8. h3
Bxf3 9. Qxf3 Nf6 10. Be3 Qe7 11. Bd3 O-O 12. O-O Rfe8 13. Nd5 Nxd5 14. exd5 Nd8
15. Qh5 h6 16. a3 Ba5 17. b4 Bb6 18. Rfe1 c6 19. Bd2 Qd7 20. Bf5 1-0

[Event "20080322-2"]
[Site "http://www.queenalice.com/game.php?id=375646"]
[Date "2008.3.23"]
[Round "-"]
[White "rhsatrhs"]
[Black "Fromper"]
[Result "1-0"]
[WhiteElo "1815"]
[BlackElo "1869"]

1. e4 e5 2. Nf3 Nc6 3. Bb5 a6 4. Ba4 Nf6 5. O-O Be7 6. Re1 b5 7. Bb3 d6 8. c3
O-O 9. h3 Na5 10. Bc2 c5 11. d4 Nd7 12. Be3 Bb7 13. Nbd2 exd4 14. cxd4 Nc6 15.
Nf1 Qb6 16. a3 a5 17. d5 Nce5 18. Ng3 Bf6 19. Rb1 Nc4 20. Qe2 Nxb2 21. a4 Ba6
22. Nh5 Nc4 23. Nxf6+ gxf6 24. Nh4 Nxe3 25. Qxe3 Ne5 26. Qh6 Kh8 27. Qxf6+ Kg8
28. Nf5 1-0

[Event "20080322-3"]
[Site "http://www.queenalice.com/game.php?id=375647"]
[Date "2008.3.23"]
[Round "-"]
[White "Fromper"]
[Black "rhsatrhs"]
[Result "1-0"]
[WhiteElo "1846"]
[BlackElo "1824"]

1. e4 c5 2. d4 cxd4 3. c3 dxc3 4. Nxc3 Nc6 5. Nf3 e6 6. Bc4 a6 7. O-O b5 8. Bb3
Bb7 9. Qe2 Qc7 10. Be3 Nf6 11. Rac1 Ne5 12. Nxb5 Qxc1 13. Rxc1 axb5 14. Nxe5 1-0

[Event "Let's Play Chess!"]
[Site "http://www.queenalice.com/game.php?id=377500"]
[Date "2008.3.27"]
[Round "-"]
[White "Fromper"]
[Black "colognestar"]
[Result "0-1"]
[WhiteElo "1875"]
[BlackElo "2065"]

1. e4 c6 2. d4 d5 3. Nc3 dxe4 4. f3 e5 5. Be3 exd4 6. Bxd4 exf3 7. Nxf3 Nf6 8.
Bc4 Be7 9. Qe2 O-O 10. O-O-O Nbd7 11. Rhe1 Bb4 12. Rf1 Qc7 13. Qf2 Bxc3 14. Bxc3
Qf4+ 15. Nd2 Qxf2 16. Rxf2 Ng4 17. Rf4 Ne3 18. Rg1 Nxc4 19. Nxc4 Nb6 20. Nd6 Nd5
21. Rf3 Nxc3 22. Rxc3 Rb8 23. Re1 Be6 24. a3 Rfd8 25. Ne4 Rd4 26. Ng5 Bf5 27.
Re7 f6 28. Ne6 Re4 29. Rxg7+ Kh8 0-1

[Event "Let's Play Chess!"]
[Site "http://www.queenalice.com/game.php?id=377754"]
[Date "2008.3.27"]
[Round "-"]
[White "Rutty"]
[Black "Fromper"]
[Result "0-1"]
[WhiteElo "2043"]
[BlackElo "1851"]

1. e4 e5 2. Nf3 Nc6 3. Bc4 Bc5 4. c3 Qe7 5. O-O d6 6. d4 Bb6 7. Re1 Nf6 8. Bg5
h6 9. Bxf6 Qxf6 10. d5 Ne7 11. Bb3 Bd7 12. Nbd2 O-O-O 13. a4 g5 14. Nc4 Bxf2+
15. Kxf2 g4 16. Re3 gxf3 17. Rxf3 Qh4+ 18. Kg1 Bg4 19. Qf1 Bxf3 20. Qxf3 Rdf8
21. Qe3 Kb8 22. a5 a6 23. Ba4 f5 24. Nd2 fxe4 25. Nxe4 Nxd5 26. Qe2 Nf4 27. Qe3
Qg4 28. Ng3 h5 29. Bd1 Qg6 30. Bf3 h4 31. Be4 Qg7 32. Ne2 Nxg2 33. Bxg2 h3 34.
Ng3 hxg2 35. Kxg2 Qh7 36. Rh1 Qh3+ 37. Kg1 Rhg8 38. Qe2 e4 39. Qg2 Qxg2+ 40.
Kxg2 d5 41. Rd1 c6 42. Rf1 Rxf1 43. Kxf1 Rxg3 0-1

[Event "Let's Play Chess!"]
[Site "http://www.queenalice.com/game.php?id=382150"]
[Date "2008.4.4"]
[Round "-"]
[White "Mehe"]
[Black "Fromper"]
[Result "1-0"]
[WhiteElo "2036"]
[BlackElo "1867"]

1. e4 e5 2. Nf3 Nc6 3. Bc4 Bc5 4. b4 Bxb4 5. c3 Ba5 6. d4 exd4 7. O-O Nge7 8.
Ng5 d5 9. exd5 Nxd5 10. Nxf7 Kxf7 11. Qf3+ Qf6 12. Bxd5+ Be6 13. Bxe6+ Kxe6 14.
Re1+ Kf7 15. Qd5+ Kg6 16. Re6 Rad8 17. Rxf6+ Kxf6 18. Qg5+ Kf7 19. Qf5+ Kg8 20.
Qe6+ Kf8 21. Ba3+ Bb4 22. cxb4 Re8 23. b5+ Ne7 24. Nd2 h5 25. Re1 Rh6 26. Bxe7+
1-0

[Event "Let's Play Chess!"]
[Site "http://www.queenalice.com/game.php?id=382243"]
[Date "2008.4.4"]
[Round "-"]
[White "Fromper"]
[Black "DrD"]
[Result "0-1"]
[WhiteElo "1867"]
[BlackElo "2031"]

1. e4 c5 2. d4 cxd4 3. c3 dxc3 4. Nxc3 d6 5. Bc4 Nc6 6. Nf3 Nf6 7. Qe2 g6 8. O-O
Bg7 9. Rd1 Bd7 10. e5 dxe5 11. Nxe5 Nxe5 12. Qxe5 O-O 13. Bg5 Qc8 14. Qd4 Rd8
15. Qh4 Bc6 16. Bxf6 Bxf6 17. Bxf7+ Kxf7 18. Qxh7+ Bg7 19. Qh4 Qf5 20. Re1 Bf6
21. Qc4+ Kg7 22. Re3 Rd4 23. Qe2 Rh8 24. Re1 Qg5 25. Rg3 Qh6 26. Rh3 Rh4 0-1